000 00648nam a22001337a 4500
040 _cRUA
082 _aGRS SVA 2017 B641 Or.1
100 _aSVAY RATHA ស្វាយ រដ្ឋា
245 _athe dragon fruit production in meanrith commune,sandan district,kampong thom province ផលិតកម្មដំណាំស្រកានាគ នៅឃុំមានរិទ្ធ ស្រុកសណ្ដាន់ ខេត្ដកំពង់ធំ
260 _aphnom penh
_brua
_c2017
300 _aix;28p;
_bill;
_c29cm;
856 _uhttps://drive.google.com/file/d/1uwm_TPwyotCuZobBR9HpxKejHCm0dwm4/view?usp=sharing
942 _cGRS
999 _c18101
_d18101